00000000cam 2200000zi 4500
0019.937455
003CaOODSP
00520260511114449
006m     o  d f      
007cr cn|||||||||
008240425t20242024quca    o    f000 0 eng d
020 |a9780660715988
040 |aCaOODSP|beng|erda|cCaOODSP
043 |an-cn---
0861 |aFs149-13/2024E-PDF
24500|aCoral and sponge marine refuges in the Gulf of St. Lawrence : |bdive in with us to discover the extraordinary species that inhabit the St. Lawrence!
264 1|aMont-Joli (Québec) : |bFisheries and Oceans Canada = Pêches et océans Canada, |c[2024]
264 4|c©2024
300 |a1 online resource (23 pages) : |bcolour illustrations
336 |atext|btxt|2rdacontent
337 |acomputer|bc|2rdamedia
338 |aonline resource|bcr|2rdacarrier
500 |aIssued also in French under title: Refuges marins des coraux et des éponges du golfe du Saint-Laurent : visent à protéger.
500 |aThe publication file in PDF format has been replaced on 11 May 2026 as requested by Department of Fisheries and Oceans.
650 0|aCorals|xConservation|zSaint Lawrence, Gulf of.
650 0|aSponges|xConservation |zSaint Lawrence, Gulf of.
7101 |aCanada. |bDepartment of Fisheries and Oceans, |eissuing body.
77508|tRefuges marins des coraux et des éponges du golfe du Saint-Laurent : |w(CaOODSP)9.937457
7760#|tCoral and sponge marine refuges in the Gulf of St. Lawrence.|w(CaOODSP)9.937456
85640|qPDF|s139 MB|uhttps://publications.gc.ca/collections/collection_2025/mpo-dfo/Fs149-13-2024-eng.pdf